000 00302ntaaa2200121 4500
003 01
005 20251027203250.0
008 0714s1973 ag 01
040 _aAR-BaBN
_bspa
_cAR-BaBN
_eaacr
_dRIC
100 _aGonzález, Justo
_93979
245 _aHechos de los Apóstoles /
_cJusto González
942 _cBK
999 _c28094
_d28094